| 000 | 01369cam a2200313 4500 | ||
|---|---|---|---|
| 001 | ABS63875 | ||
| 008 | 000000n2001 000 0 eng u | ||
| 035 | _a(Sirsi) u112138 | ||
| 100 | _aMills, S. | ||
| 245 | _aLandlord & tenant update | ||
| 260 | _c2001 | ||
| 490 |
_aSolicitors' Journal _v9 March 2001,209-210 (2) |
||
| 520 | _aDescribes recent cases in connection with landlord and tennant issues. Includes "R v SoS for the Environment, Transport and the Regions, ex p Spath Holme Ltd" [2001] which established that the Rents Act Order 1999 does not exceed the statutuory powers under which it was made. Also mentions the first case to deal with the interpretation of a contract with regard to the Human Rights Act 1998 and other cases related to disrepair and service charges. | ||
| 590 | _aABS | ||
| 650 |
_aLANDLORD AND TENANT _96252 |
||
| 650 | _aRENT ACT 1977 | ||
| 650 | _aHUMAN RIGHTS | ||
| 650 | _aDISREPAIR | ||
| 650 | _aSERVICE CHARGES | ||
| 650 | _aR V SOS ENVIRONMENT AND ANOTHER EX P SPATH HOLME LTD | ||
| 650 | _aBIGGIN HILL AIRPORT V BROMLEY LBC | ||
| 650 | _aFIVECOURTS LTD V JR LEISURE DEVELOPMENT CO LTD | ||
| 650 | _aBLAND V INGRAMS ESTATES LTD | ||
| 650 | _aWELSH V GREENWICH LBC | ||
| 650 | _aR V LONDON LVT EX P DAEJAN PROPERTIES LTD | ||
| 690 |
_aLandlord and tenant _96252 |
||
| 700 | _aGuldberg, H. | ||
| 942 | _n0 | ||
| 999 |
_c66782 _d66782 |
||